Akumulace a růst za kapitalizmu

Saved in:
Bibliographic Details
Main Author: Tlustý, Adolf
Format: Book
Language:Czech
Published: Praha Státní pedagogické nakladatelství 1968
Tags: Add Tag
No Tags, Be the first to tag this record!

MARC

LEADER 00000nam a2200000 4500
001 c122239
005 20041019155224.7
041 0 |a cze 
044 |a CZ 
245 1 0 |a Akumulace a růst za kapitalizmu  |c Adolf Tlustý 
264 1 |a Praha  |b Státní pedagogické nakladatelství  |c 1968 
300 |a 105 s. 
100 1 |a Tlustý, Adolf